Pays qui finissent par i - Statistiques

Statistiques générales
  • Ce quiz a été pris 166 fois
  • Le résultat moyen est 6 sur 10
Statistiques - réponses
Hint Réponse % Correct
F Fidji
88%
K Kiribati
80%
H Haïti
74%
B Burundi
69%
D Djibouti
68%
E Eswatini
64%
C Chili
63%
M Mali
63%
B Brunei
48%
R Royaume-Uni
29%
Aucun quiz correspondant
Distribution des résultats
% des personnes avec chaque résultat
Percentile par nombre de réponses
Votre historique - résultats
Vous n’avez pas pris ce quiz